| 000 | 01090nam2a22002411 4500 | ||
|---|---|---|---|
| 001 | rc\3904761 | ||
| 005 | 20250610124721.0 | ||
| 035 | _a(NLR Aleph) 007907575 | ||
| 090 |
_a8077079 _c8077080 |
||
| 100 | _a20130415d1955 |||y0rusy50 ca | ||
| 101 | 0 | _arus | |
| 102 | _aRU | ||
| 105 | _ay z ||||| | ||
| 200 | 1 | _aНаправленное выращивание молодняка овец | |
| 205 | _a2-е изд., испр. | ||
| 210 |
_aСтаврополь _cКн. изд-во _d1955 |
||
| 461 | 0 |
_1001rc\3904755 _12001#$aБиблиотечка чабана$eВып. 1-14$fУпр. с.-х. пропаганды Ставроп. краев. упр. сельского хозяйства$vВып. 6 _98077044 _cСтаврополь _d1955 _fУпр. с.-х. пропаганды Ставроп. краев. упр. сельского хозяйства _nКн. изд-во _oВып. 1-14 _p14 т. _tБиблиотечка чабана _vВып. 6 |
|
| 700 | 1 |
_aИмбс _bБ.Г. |
|
| 801 | 0 |
_aRU _bNLR _gpsbo |
|
| 801 | 1 |
_aRU _bELAR _2rusmarc |
|
| 852 |
_aNLR _jС90 Г-4/3346 |
||
| 942 | _cBOOK | ||
| 980 | _aNB | ||